[Event "Pohár města Říčany 2018"]
[Site "Městské kulturní středisko"]
[Date "2019.08.25"]
[Round "3.4"]
[White "Rut, Vojtech"]
[Black "Svetly, Jiri"]
[Result "1/2-1/2"]
[WhiteElo "2115"]
[BlackElo "1871"]
[PlyCount "86"]
[EventDate "2019.08.24"]

1. e4 d6 2. d4 Nf6 3. Nc3 g6 4. Be3 Bg7 5. Qd2 c6 6. Bh6 Bxh6 7. Qxh6 Nbd7 8.
O-O-O Qa5 9. Bd3 b5 10. Kb1 b4 11. Nce2 Ba6 12. Nf3 Bxd3 13. cxd3 Qh5 14. Qd2
a5 15. Rc1 Qb5 16. h4 c5 17. Nf4 e5 18. dxe5 dxe5 19. Nd5 Nxd5 20. exd5 f6 21.
h5 Kf7 22. Qe3 Rae8 23. Nd2 Qb7 24. Qf3 Rc8 25. Ne4 Qa6 26. hxg6+ hxg6 27. Rxh8
Rxh8 28. Nxc5 Nxc5 29. Rxc5 b3 30. axb3 a4 31. bxa4 Rh1+ 32. Rc1 Rxc1+ 33. Kxc1
Qxa4 34. Kb1 f5 35. g4 Kf6 36. gxf5 gxf5 37. Qh5 Qf4 38. Qe2 Qd4 39. Qf3 f4 40.
Kc2 Qc5+ 41. Kd1 Qd4 42. Kc1 Qc5+ 43. Kb1 Qd4 1/2-1/2

[Event "Pohár města Říčany 2018"]
[Site "Městské kulturní středisko"]
[Date "2019.08.25"]
[Round "3.8"]
[White "Hrbek, Tomas"]
[Black "Vystrcil, Martin"]
[Result "1-0"]
[WhiteElo "1744"]
[BlackElo "2106"]
[PlyCount "83"]
[EventDate "2019.08.24"]

1. d4 Nf6 2. c4 g6 3. Nc3 Bg7 4. e4 d6 5. Nf3 O-O 6. Be2 Nbd7 7. O-O e5 8. dxe5
dxe5 9. Bg5 c6 10. Qd2 Qc7 11. b4 Re8 12. Rfd1 a5 13. b5 Nc5 14. Bxf6 Bxf6 15.
Qe3 Qe7 16. bxc6 bxc6 17. Rab1 Bd7 18. Rb6 Reb8 19. Rdb1 Rxb6 20. Rxb6 Qf8 21.
Bd1 Bd8 22. Rb1 Qd6 23. Na4 Nxa4 24. Bxa4 Rb8 25. Rd1 Qe7 26. Qa7 Rb4 27. Qxd7
Rxa4 28. Qxd8+ Qxd8 29. Rxd8+ Kg7 30. Nd2 Rxa2 31. Kf1 Kf6 32. Ke2 Ke7 33. Ra8
Kd6 34. Kd3 f5 35. Rh8 a4 36. Rxh7 Kc5 37. Kc3 a3 38. Rb7 f4 39. Rb1 g5 40.
Nb3+ Kd6 41. Rd1+ Ke7 42. Rd2 1-0

[Event "Pohár města Říčany 2018"]
[Site "Městské kulturní středisko U labutě"]
[Date "2019.08.25"]
[Round "3.9"]
[White "Lhotsky, Frantisek"]
[Black "Stanek, Ondrej"]
[Result "0-1"]
[WhiteElo "1865"]
[BlackElo "2047"]
[PlyCount "78"]
[EventDate "2019.08.24"]

1. d4 Nf6 2. c4 g6 3. Nc3 d5 4. Nf3 Bg7 5. cxd5 Nxd5 6. e4 Nxc3 7. bxc3 c5 8. Be3 Qa5 9. Qd2 Nc6 10. Rb1 O-O 11. Rb5 cxd4 12. Rxa5 dxe3 13. Qxe3 Nxa5 14. Nd4 Bd7 15. e5 Rfc8 16. f4 Rc7 17. Be2 Rac8 18. Kd2 Bc6 19. Nxc6 Nxc6 20. Rc1 e6 21. Ke1 Bf8 22. Rd1 Ne7 23. c4 Nf5 24. Qe4 Bb4+ 25. Kf1 Bc5 26. Rd3 h5 27. g4 hxg4 28. Bxg4 Ne7 29. Rh3 Bb4 30. Be2 b5 31. cxb5 Rc1+ 32. Kg2 Bc5 33. Bd3 Bb6 34. Qb4 Nd5 35. Qe4 R8c3 36. f5 Rg1+ 37. Kf3 gxf5 38. Qh4 Rxd3+ 39. Ke2 Rxh3

[Event "Pohár města Říčany 2018"]
[Site "Městské kulturní středisko"]
[Date "2019.08.25"]
[Round "3.13"]
[White "Smolik, Jachym"]
[Black "Svatos, Jan"]
[Result "0-1"]
[WhiteElo "1891"]
[BlackElo "2232"]
[PlyCount "124"]
[EventDate "2019.08.24"]

1. d4 Nf6 2. Nf3 e6 3. e3 b6 4. b3 Bb7 5. Bb2 Bb4+ 6. c3 Be7 7. Bd3 O-O 8. Nbd2
d5 9. Qc2 c5 10. O-O Nc6 11. Rae1 Rc8 12. Ne5 cxd4 13. Nxc6 Rxc6 14. exd4 Qc8
15. f4 Bb4 16. Rf3 g6 17. Bb5 Rc7 18. a3 Be7 19. Bd3 Ba6 20. h3 Rd8 21. g4 Bf8
22. Kh1 Bg7 23. Qb1 Bxd3 24. Qxd3 Qb7 25. Rg3 a5 26. h4 Re7 27. h5 b5 28. hxg6
hxg6 29. Kg2 a4 30. Kh3 axb3 31. Rge3 Qb8 32. Qf1 Ree8 33. Rb1 g5 34. fxg5 Nh7
35. Nf3 Nf8 36. Nh4 e5 37. Nf5 e4 38. Nxg7 Kxg7 39. Qf6+ Kg8 40. Rf1 Qc7 41.
Kg2 Rd6 42. Qf2 Ng6 43. Rh1 Rde6 44. Kg1 Qf4 45. Qxf4 Nxf4 46. Rh2 Rg6 47. Rh6
Ree6 48. Rxg6+ Rxg6 49. Re1 Nd3 50. Rb1 Ra6 51. Kf1 Nxb2 52. Rxb2 Rxa3 53. Rb1
Kg7 54. Ke1 Kg6 55. Kd1 Kxg5 56. Kc1 Kxg4 57. Kb2 Ra4 58. Kxb3 f5 59. Kc2 Ra2+
60. Kd1 f4 61. Rxb5 f3 62. Rb8 e3 0-1

[Event "Pohár města Říčany 2018"]
[Site "Městské kulturní středisko"]
[Date "2019.08.25"]
[Round "3.15"]
[White "Zvolensky, David"]
[Black "Reljic, Michael"]
[Result "1-0"]
[WhiteElo "2152"]
[BlackElo "1890"]
[PlyCount "99"]
[EventDate "2019.08.24"]

1. d4 d5 2. c4 e6 3. Nf3 Nf6 4. g3 c5 5. Bg2 Nc6 6. cxd5 exd5 7. O-O cxd4 8.
Nxd4 Be7 9. Nc3 O-O 10. h3 h6 11. Be3 Be6 12. Qa4 Qd7 13. Nxe6 fxe6 14. Rfd1
Ne5 15. Qxd7 Nfxd7 16. Rac1 Kh8 17. b3 a6 18. Na4 Rac8 19. Nb6 Rc6 20. Nxd7
Nxd7 21. Rxc6 bxc6 22. h4 Kg8 23. Bc1 Bc5 24. e3 Kf7 25. Bb2 g6 26. Rc1 Rc8 27.
e4 Rf8 28. b4 Bxb4 29. Rxc6 dxe4 30. Rc7 Ke7 31. Bg7 Rf7 32. Bxh6 Bc5 33. Be3
Bxe3 34. fxe3 Kd6 35. Ra7 Kd5 36. Bf1 a5 37. Bb5 Kc5 38. Rxd7 Rf3 39. a4 Rxg3+
40. Kf2 Rf3+ 41. Ke2 Rh3 42. Rg7 Rxh4 43. Rxg6 Rh2+ 44. Ke1 Rh3 45. Kd2 e5 46.
Rc6+ Kb4 47. Rc4+ Kb3 48. Rxe4 Rh5 49. Kd3 Rg5 50. Rh4 1-0

[Event "Pohár města Říčany 2018"]
[Site "Městské kulturní středisko"]
[Date "2019.08.25"]
[Round "3.16"]
[White "Zizka, Petr"]
[Black "Jirousek, Tadeas"]
[Result "1-0"]
[WhiteElo "2081"]
[BlackElo "1856"]
[PlyCount "107"]
[EventDate "2019.08.24"]

1. b3 d5 2. Bb2 f5 3. f4 Nf6 4. Nf3 e6 5. e3 Be7 6. Be2 O-O 7. O-O Nbd7 8. Qe1
b6 9. Qg3 c5 10. d3 b5 11. Nbd2 Qb6 12. a4 Ba6 13. axb5 Bxb5 14. c4 Bc6 15. Ng5
Bb7 16. Bc3 a5 17. Ndf3 h6 18. Nh4 hxg5 19. fxg5 Bd6 20. Qh3 Nh7 21. Ng6 Rf7
22. Nh8 Nxg5 23. Qh4 Qxb3 24. Nxf7 Nxf7 25. Bxa5 dxc4 26. Rab1 Qc2 27. Rxb7
Qxe2 28. Rxd7 Qxe3+ 29. Kh1 Rxa5 30. Qh5 Qe5 31. Qxf7+ Kh7 32. Qh5+ Kg8 33.
Rd8+ Bf8 34. Qe8 Qf6 35. dxc4 Ra2 36. h3 Rc2 37. Re1 Rxc4 38. Rxe6 Rc1+ 39. Kh2
Qf7 40. Rc6 Qxe8 41. Rxe8 Kf7 42. Ra8 Rd1 43. Ra7+ Ke8 44. Kg3 Be7 45. Rc8+ Rd8
46. Rxd8+ Kxd8 47. Kf4 c4 48. Kxf5 c3 49. Ra2 Bf6 50. g4 Ke7 51. g5 Bd4 52. Ke4
Bc5 53. Kd5 Bb6 54. Kc4 1-0

[Event "Pohár města Říčany 2018"]
[Site "Městské kulturní středisko"]
[Date "2019.08.25"]
[Round "3.19"]
[White "Day, Tobias"]
[Black "Postupa, Pavel"]
[Result "0-1"]
[WhiteElo "1761"]
[BlackElo "1940"]
[PlyCount "90"]
[EventDate "2019.08.24"]

1. e4 c5 2. Nf3 e6 3. Nc3 Nc6 4. Bb5 a6 5. Bxc6 bxc6 6. e5 d5 7. exd6 Nf6 8. d3
Bxd6 9. Bg5 h6 10. Bxf6 gxf6 11. Nd2 Be7 12. Nc4 Rb8 13. Qd2 Qc7 14. O-O-O e5
15. Rhe1 Be6 16. Ne2 Bd5 17. f3 h5 18. Qa5 Qb7 19. b3 h4 20. Nc3 Rg8 21. Qa4
Kf8 22. Na5 Qb4 23. Qxb4 cxb4 24. Nxd5 cxd5 25. Nc6 Rb7 26. Nxe7 Rxe7 27. Re2
Ke8 28. Rde1 Kd7 29. d4 Rge8 30. Kd2 Kd6 31. Kd3 Re6 32. dxe5+ fxe5 33. Ke3 f5
34. Rd2 e4 35. f4 Rc8 36. Red1 Rc5 37. a3 a5 38. axb4 axb4 39. c4 bxc3 40. Rc2
Re8 41. Ra1 Rec8 42. Ra6+ R5c6 43. Ra7 Rb8 44. Ra3 Rb4 45. Ra4 d4+ 0-1

[Event "Pohár města Říčany 2018"]
[Site "Městské kulturní středisko U labutě"]
[Date "2019.08.25"]
[Round "3.20"]
[White "Kuhnmund, Ivan"]
[Black "Cermak, Jan"]
[Result "0-1"]
[WhiteElo "1631"]
[BlackElo "1912"]
[PlyCount "108"]
[EventDate "2019.08.24"]

1. e4 e5 2. f4 exf4 3. Bc4 d5 4. Bxd5 Nf6 5. Nc3 Bg4 6. Nf3 Nxd5 7. Nxd5 g5 8. d4 Bg7 9. c3 c6 10. Nb4 Qe7 11. Qe2 Bxd4 12. cxd4 Qxb4+ 13. Bd2 Qxb2 14. O-O Bxf3 15. gxf3 Qxd4+ 16. Kh1 Nd7 17. Rac1 f6 18. Rc4 Qe5 19. Rb1 Nb6 20. Bc3 Qe6 21. Rd4 O-O 22. Rbd1 Rae8 23. a4 Nd5 24. Bb2 f5 25. Qg2 fxe4 26. Qxg5+ Qg6 27. Rxd5 e3 28. Qxg6+ hxg6 29. Rd7 Rf7 30. Rxf7 Kxf7 31. Kg2 Ke6 32. a5 b6 33. a6 c5 34. Bc3 b5 35. Bg7 Rg8 36. Bb2 b4 37. h4 Rc8 38. Kf1 Rc6 39. Ra1 Kd5 40. Bg7 b3 41. Bh6 Rf6 42. Bg5 Rf7 43. Ke2 c4 44. Bd8 Kc5 45. Ba5 Rf5 46. Bc3 Kc6 47. Bd4 Rf7 48. Bc3 Rd7 49. Rg1 Rd6 50. Ra1 Rd3 51. Be5 Rd2+ 52. Ke1 Rg2 53. Bf6 Rh2 54. Rb1 Rh1+

[Event "Pohár města Říčany 2018"]
[Site "Městské kulturní středisko"]
[Date "2019.08.25"]
[Round "3.28"]
[White "Prochazka, Jaroslav"]
[Black "Strnad, Michael"]
[Result "1/2-1/2"]
[WhiteElo "1833"]
[BlackElo "1726"]
[PlyCount "106"]
[EventDate "2019.08.24"]

1. c4 e5 2. Nc3 Nf6 3. g3 d5 4. cxd5 Nxd5 5. Bg2 Be6 6. Nf3 Nc6 7. Qa4 Nb6 8.
Qd1 Be7 9. O-O O-O 10. d3 f5 11. h4 h6 12. Bd2 Qd7 13. Rc1 Rae8 14. Na4 Nxa4
15. Qxa4 Nd4 16. Qxd7 Nxe2+ 17. Kh2 Bxd7 18. Rxc7 Bc6 19. Re1 Bxf3 20. Bxf3 Nd4
21. Bd5+ Kh8 22. Rxe5 Bd6 23. Rxe8 Rxe8 24. Rd7 Bc5 25. Be3 b5 26. Bxd4 Bxd4
27. Bf7 Rf8 28. Bg6 Bxf2 29. Kg2 Bb6 30. Rd5 f4 31. gxf4 Rxf4 32. h5 a6 33. Rd6
Rf2+ 34. Kh3 Rf6 35. Rd7 Kg8 36. Rb7 Kf8 37. Kg4 a5 38. Rd7 b4 39. d4 a4 40. d5
Bc5 41. Rd8+ Ke7 42. Rg8 b3 43. axb3 axb3 44. Rxg7+ Kd6 45. Be4 Bd4 46. Rb7
Bxb2 47. Rxb3 Be5 48. Rb6+ Ke7 49. Rb7+ Kd6 50. Rb6+ Ke7 51. Rb7+ Kd6 52. Rb6+
Ke7 53. Rb7+ Kd6 1/2-1/2

[Event "Pohár města Říčany 2018"]
[Site "Městské kulturní středisko"]
[Date "2019.08.25"]
[Round "3.30"]
[White "Nemecek, Lukas"]
[Black "Hadrava, Jaroslav"]
[Result "1-0"]
[WhiteElo "1778"]
[BlackElo "1937"]
[PlyCount "137"]
[EventDate "2019.08.24"]

1. e4 d6 2. d4 Nf6 3. Nc3 g6 4. g3 Bg7 5. Bg2 O-O 6. Nge2 c6 7. O-O Nbd7 8. f4
e5 9. a4 a5 10. dxe5 Qb6+ 11. Qd4 Qxd4+ 12. Nxd4 dxe5 13. Nb3 Re8 14. Kh1 Nb6
15. Nc5 Nfd7 16. Nxd7 Bxd7 17. f5 Rad8 18. b3 Bc8 19. g4 f6 20. Be3 Na8 21.
Rfd1 g5 22. Bf1 Bf8 23. Bc4+ Kg7 24. Rxd8 Rxd8 25. Rd1 Rxd1+ 26. Nxd1 Bd6 27.
Nb2 Bd7 28. Kg2 Kf8 29. Nd3 b6 30. c3 Be8 31. b4 axb4 32. cxb4 Ke7 33. Ba6 Nc7
34. Bb7 c5 35. bxc5 bxc5 36. Nxc5 Kd8 37. a5 Bb5 38. Kf2 Bc4 39. Ne6+ Nxe6 40.
fxe6 Kc7 41. a6 Bxe6 42. h3 Bc8 43. Bxc8 Kxc8 44. a7 Kb7 45. Ke2 Ba3 46. Kd3
Bb2 47. Bc5 Ka8 48. Be7 Kxa7 49. Bxf6 Kb6 50. Bxg5 Kc6 51. Bd2 Kd6 52. h4 Ke6
53. Kc4 Ba3 54. Bb4 Bc1 55. Kd3 Bf4 56. Bd2 Bg3 57. h5 Bf2 58. Ke2 Bc5 59. Kf3
Be7 60. g5 Bf8 61. Kg4 Bg7 62. Be3 Bf8 63. h6 Be7 64. Bf2 Bf8 65. Bh4 Kf7 66.
Kf5 Bd6 67. Bg3 Be7 68. Bxe5 Bd8 69. Bd6 1-0

[Event "Pohár města Říčany 2018"]
[Site "Městské kulturní středisko"]
[Date "2019.08.25"]
[Round "3.2"]
[White "Krizek, Krystof"]
[Black "Vojta, Tomas"]
[Result "0-1"]
[WhiteElo "1984"]
[BlackElo "2363"]
[PlyCount "72"]
[EventDate "2019.08.24"]

1. e4 d5 2. exd5 Qxd5 3. Nc3 Qd6 4. Nf3 Nf6 5. d4 Bg4 6. Be2 a6 7. Bg5 e6 8.
O-O Be7 9. Qd2 Nbd7 10. Rfd1 O-O 11. Bf4 Qb6 12. d5 exd5 13. Nxd5 Nxd5 14. Qxd5
Be6 15. Qd2 Nc5 16. Be5 Bf5 17. Bd4 Bf6 18. Bxf6 Qxf6 19. Nd4 Be4 20. Qb4 b6
21. Bf3 Rfe8 22. Qc3 Rad8 23. a4 Bxf3 24. gxf3 h6 25. a5 Rd5 26. Nb3 Rg5+ 27.
Kh1 Qxc3 28. bxc3 Re2 29. axb6 cxb6 30. Nxc5 bxc5 31. Rxa6 Rxf2 32. h4 Rh5 33.
Ra8+ Kh7 34. Rc8 Rxf3 35. Rdd8 Rxh4+ 36. Kg2 Rhf4 0-1

[Event "Pohár města Říčany 2018"]
[Site "Městské kulturní středisko"]
[Date "2019.08.25"]
[Round "3.3"]
[White "Steiner, Juraj"]
[Black "Mladek, Richard"]
[Result "0-1"]
[WhiteElo "1920"]
[BlackElo "2266"]
[PlyCount "54"]
[EventDate "2019.08.24"]

1. d4 Nf6 2. c4 g6 3. Nc3 Bg7 4. Nf3 O-O 5. Bg5 d6 6. e3 c5 7. Be2 h6 8. Bh4 g5
9. Bg3 Nh5 10. d5 f5 11. Nd2 Nxg3 12. hxg3 e6 13. dxe6 Bxe6 14. Bf3 Nc6 15. Nd5
Rb8 16. g4 Ne5 17. gxf5 Bxf5 18. Be4 Nd3+ 19. Kf1 Nxf2 20. Kxf2 Bxe4+ 21. Kg1
Bxd5 22. cxd5 Qf6 23. Rh3 Qf2+ 24. Kh1 Rbe8 25. Nc4 Re4 26. Qd3 Rh4 27. e4 g4
0-1

[Event "Pohár města Říčany 2018"]
[Site "Městské kulturní středisko"]
[Date "2019.08.25"]
[Round "3.5"]
[White "Petr, Jakub"]
[Black "Dunder, Ondrej"]
[Result "1/2-1/2"]
[WhiteElo "2307"]
[BlackElo "1717"]
[PlyCount "77"]
[EventDate "2019.08.24"]

1. b3 d5 2. Bb2 Bf5 3. e3 e6 4. f4 Nf6 5. Nf3 Nbd7 6. Be2 Be7 7. O-O c6 8. Ne5
h5 9. d3 Nxe5 10. fxe5 Ng4 11. Bxg4 hxg4 12. Qe2 Qb6 13. Nd2 Bg5 14. Rae1 O-O-O
15. c4 Kb8 16. d4 Qa5 17. a4 Rh5 18. g3 Rdh8 19. Rf2 f6 20. Rc1 Qb6 21. Ba3 Ka8
22. cxd5 exd5 23. Bc5 Qd8 24. Rxf5 Rxh2 25. Qxh2 Bxe3+ 26. Qf2 Bxf2+ 27. Rxf2
Qg8 28. Nf1 Qe6 29. Re1 f5 30. a5 a6 31. Ree2 Rh3 32. Rh2 g5 33. Ref2 f4 34.
Rxh3 gxh3 35. Nh2 Qg6 36. gxf4 gxf4+ 37. Kf1 Qb1+ 38. Ke2 Qe4+ 39. Kf1 1/2-1/2

[Event "Pohár města Říčany 2018"]
[Site "Městské kulturní středisko"]
[Date "2019.08.25"]
[Round "3.6"]
[White "Holub, Milan"]
[Black "Novotny, Martin"]
[Result "1/2-1/2"]
[WhiteElo "1988"]
[BlackElo "2178"]
[PlyCount "67"]
[EventDate "2019.08.24"]

1. d4 Nf6 2. Nf3 g6 3. c4 Bg7 4. Nc3 O-O 5. e4 d6 6. Be2 e5 7. O-O Nc6 8. d5
Ne7 9. Bd2 Ne8 10. Rc1 f5 11. Ng5 h6 12. Ne6 Bxe6 13. dxe6 c5 14. exf5 Nxf5 15.
Bf3 Nc7 16. Bxb7 Rb8 17. Bd5 Qe7 18. Qg4 Kh7 19. b3 Nxe6 20. Ne4 Nfd4 21. Rc3
Nf4 22. Bxf4 Rxf4 23. Qd1 a5 24. g3 Rf5 25. Rd3 Bf8 26. Nc3 Bg7 27. Be4 Rbf8
28. Nd5 Qf7 29. f4 Kg8 30. Ne3 Qe7 31. Nxf5 gxf5 32. Bd5+ Kh8 33. fxe5 dxe5 34.
g4 1/2-1/2

[Event "Pohár města Říčany 2018"]
[Site "Městské kulturní středisko"]
[Date "2019.08.25"]
[Round "3.7"]
[White "Vilimova, Julie"]
[Black "Otruba, Marek"]
[Result "1/2-1/2"]
[WhiteElo "1953"]
[BlackElo "2133"]
[PlyCount "50"]
[EventDate "2019.08.24"]

1. d4 d5 2. c4 e6 3. Nc3 Be7 4. Nf3 Nf6 5. Bg5 O-O 6. e3 h6 7. Bh4 b6 8. cxd5
Nxd5 9. Bxe7 Qxe7 10. Be2 Bb7 11. O-O Nd7 12. Nxd5 Bxd5 13. Rc1 Rac8 14. Ba6
Rcd8 15. Rxc7 Qb4 16. Qe2 Bxa2 17. Rfc1 Nb8 18. Bc4 Bxc4 19. R1xc4 Qa5 20. Ne5
f6 21. Rxg7+ Kxg7 22. Qg4+ Kh8 23. Ng6+ Kg7 24. Ne5+ Kh8 25. Ng6+ Kg7 1/2-1/2

[Event "Pohár města Říčany 2018"]
[Site "Městské kulturní středisko"]
[Date "2019.08.25"]
[Round "3.10"]
[White "Hadzala, Daniel"]
[Black "Petras, Milan"]
[Result "1/2-1/2"]
[WhiteElo "2047"]
[BlackElo "1981"]
[PlyCount "138"]
[EventDate "2019.08.24"]

1. Nf3 g6 2. g3 Bg7 3. Bg2 e5 4. d3 c5 5. c4 Nc6 6. Nc3 Nge7 7. O-O O-O 8. Rb1
Rb8 9. a3 a6 10. Ne1 b5 11. Nc2 f5 12. Ne3 g5 13. Ned5 Ng6 14. b4 bxc4 15. dxc4
cxb4 16. axb4 e4 17. b5 Nce5 18. Qb3 Kh8 19. Ba3 d6 20. Rfd1 Be6 21. b6 Rf7 22.
Qa4 Bc8 23. c5 dxc5 24. Bxc5 Qd7 25. Qa3 Bb7 26. Nc7 Qc6 27. Rd6 Nc4 28. Rxc6
Nxa3 29. Rxg6 hxg6 30. Bxa3 Bxc3 31. Rd1 Be5 32. e3 Kh7 33. Bf1 Bxc7 34. bxc7
Rc8 35. Bd6 Rd7 36. Be2 a5 37. g4 Re8 38. Bb5 Ree7 39. Rd4 Rxd6 40. Rxd6 Rxc7
41. gxf5 gxf5 42. Bd7 Bc8 43. Bxc8 Rxc8 44. Rd5 Ra8 45. Rxf5 a4 46. Rc5 a3 47.
Rc1 Kg6 48. Kg2 Kf5 49. Kg3 Ra5 50. h4 gxh4+ 51. Kxh4 Rb5 52. Ra1 Ra5 53. Ra2
Ra4 54. Kg3 Ke5 55. f4+ exf3 56. Kxf3 Kd5 57. e4+ Kc4 58. Kf4 Kb3 59. Ra1 Kb2
60. Rh1 a2 61. Kf5 a1=Q 62. Rxa1 Rxa1 63. e5 Kc3 64. e6 Kd4 65. e7 Re1 66. Kf6
Kd5 67. Kf7 Kd6 68. e8=Q Rxe8 69. Kxe8 Ke6 1/2-1/2

[Event "Pohár města Říčany 2018"]
[Site "Městské kulturní středisko"]
[Date "2019.08.25"]
[Round "3.11"]
[White "Vavrinec, Tomas"]
[Black "Stork, Rostislav"]
[Result "1-0"]
[WhiteElo "1994"]
[BlackElo "1724"]
[PlyCount "25"]
[EventDate "2019.08.24"]

1. c4 d5 2. cxd5 Qxd5 3. Nc3 Qa5 4. d4 c6 5. e4 e6 6. Nf3 Ne7 7. Bc4 g6 8. O-O
Bg7 9. Bg5 Qc7 10. Rc1 b6 11. d5 Ba6 12. Bxa6 Nxa6 13. d6 1-0

[Event "Pohár města Říčany 2018"]
[Site "Městské kulturní středisko"]
[Date "2019.08.25"]
[Round "3.12"]
[White "Vojta, Jakub"]
[Black "Elias, Jakub"]
[Result "1-0"]
[WhiteElo "2256"]
[BlackElo "1836"]
[PlyCount "53"]
[EventDate "2019.08.24"]

1. e4 c5 2. Nf3 d6 3. d4 cxd4 4. Nxd4 Nf6 5. f3 a6 6. c4 e6 7. Nc3 Be7 8. Be3
Qc7 9. Be2 O-O 10. O-O Nbd7 11. Qd2 b6 12. Rac1 Bb7 13. Rfd1 Rac8 14. Kh1 Qb8
15. Bf1 Rfd8 16. Qf2 Ne5 17. Na4 Ba8 18. Nb3 Nfd7 19. Nxb6 Nxb6 20. Bxb6 Rd7
21. a4 Bd8 22. a5 Bxb6 23. axb6 Rc6 24. c5 dxc5 25. Nxc5 Rxd1 26. Rxd1 Qxb6 27.
Nxa6 1-0

[Event "Pohár města Říčany 2018"]
[Site "Městské kulturní středisko"]
[Date "2019.08.25"]
[Round "3.14"]
[White "Rodshtein, Tereza"]
[Black "Skala, Jaromir"]
[Result "1-0"]
[WhiteElo "2208"]
[BlackElo "1899"]
[PlyCount "57"]
[EventDate "2019.08.24"]

1. e4 e5 2. Nf3 Nc6 3. d4 exd4 4. Nxd4 Nf6 5. Nxc6 bxc6 6. e5 Qe7 7. Qe2 Nd5 8.
h4 a5 9. c4 Nb6 10. Nd2 Ba6 11. b3 O-O-O 12. Bb2 Qe6 13. O-O-O a4 14. f4 d5 15.
exd6 cxd6 16. Qxe6+ fxe6 17. Nf3 c5 18. Ng5 Re8 19. Bd3 h6 20. Nf7 Rg8 21. Bh7
Be7 22. Bxg8 Rxg8 23. Nxd6+ Kb8 24. Rhe1 Bxh4 25. Rxe6 axb3 26. axb3 Bc8 27.
Nxc8 Nxc8 28. Be5+ Ka8 29. Rd7 1-0

[Event "Pohár města Říčany 2018"]
[Site "Městské kulturní středisko"]
[Date "2019.08.25"]
[Round "3.17"]
[White "Vlkova, Anezka"]
[Black "Stepanek, Svatopluk"]
[Result "0-1"]
[WhiteElo "1973"]
[BlackElo "1822"]
[PlyCount "56"]
[EventDate "2019.08.24"]

1. e4 e5 2. Nf3 d6 3. Bc4 Be7 4. d3 Nc6 5. a4 Nf6 6. O-O Bg4 7. h3 Bh5 8. c3
O-O 9. a5 a6 10. Re1 Qd7 11. Nbd2 h6 12. Nf1 Nh7 13. Ng3 Bg6 14. d4 Rad8 15.
Qb3 Qc8 16. Bd5 Nf6 17. Bxc6 bxc6 18. dxe5 Nd7 19. Bf4 Nc5 20. Qc4 d5 21. Qf1
dxe4 22. Nd4 Nd3 23. Nxc6 Rd7 24. Nxe4 Nxf4 25. g3 Ne6 26. f4 Bxe4 27. Rxe4
Bc5+ 28. Kh2 Qb7 0-1

[Event "Pohár města Říčany 2018"]
[Site "Městské kulturní středisko"]
[Date "2019.08.25"]
[Round "3.18"]
[White "Maly, Filip"]
[Black "Horyna, Josef"]
[Result "1-0"]
[WhiteElo "1941"]
[BlackElo "1763"]
[PlyCount "85"]
[EventDate "2019.08.24"]

1. e4 e6 2. d4 d5 3. Nc3 Nf6 4. e5 Nfd7 5. f4 c5 6. Nf3 Nc6 7. Be3 cxd4 8. Nxd4
Nxd4 9. Bxd4 a6 10. Qd2 Be7 11. Bd3 Nc5 12. O-O-O Nxd3+ 13. Qxd3 Bd7 14. Kb1
Bc6 15. Rhf1 Qd7 16. Qe3 O-O-O 17. Bb6 Rdf8 18. Ne4 Kb8 19. c4 Qc8 20. Nd6 Bxd6
21. exd6 Qd7 22. Bc7+ Ka8 23. c5 f6 24. Qc3 Rf7 25. Qa5 Rhf8 26. Rf3 g5 27. Rb3
Qc8 28. Rd4 gxf4 29. Rxf4 e5 30. Rf1 d4 31. Rb6 Be4+ 32. Ka1 Bxg2 33. c6 Bxc6
34. Rc1 Be4 35. b4 d3 36. b5 d2 37. Qxd2 Rg8 38. Qa5 Rxc7 39. dxc7 Bd3 40. bxa6
Bxa6 41. Rxa6+ bxa6 42. Qd5+ Ka7 43. Qxg8 1-0

[Event "Pohár města Říčany 2018"]
[Site "Městské kulturní středisko"]
[Date "2019.08.25"]
[Round "3.21"]
[White "Rerabek, Jaroslav"]
[Black "Hejsek, Lukas"]
[Result "1/2-1/2"]
[WhiteElo "1733"]
[BlackElo "1948"]
[PlyCount "27"]
[EventDate "2019.08.24"]

1. d4 Nf6 2. Bf4 g6 3. Nc3 d5 4. Qd2 Bg7 5. Bh6 O-O 6. Bxg7 Kxg7 7. e3 c5 8. h3
Nc6 9. Nf3 Ne4 10. Nxe4 dxe4 11. d5 exf3 12. Qc3+ Nd4 13. exd4 Qxd5 14. dxc5+
1/2-1/2

[Event "Pohár města Říčany 2018"]
[Site "Městské kulturní středisko"]
[Date "2019.08.25"]
[Round "3.22"]
[White "Voracek, Zdenek"]
[Black "Dome, Michal"]
[Result "1-0"]
[WhiteElo "1938"]
[BlackElo "1799"]
[PlyCount "89"]
[EventDate "2019.08.24"]

1. d4 d5 2. c4 dxc4 3. Nf3 a6 4. e3 b5 5. a4 Bb7 6. b3 cxb3 7. axb5 axb5 8.
Rxa8 Bxa8 9. Bxb5+ c6 10. Bc4 e6 11. Qxb3 Nf6 12. O-O Be7 13. Ba3 O-O 14. Ne5
Bxa3 15. Qxa3 Nbd7 16. Nd3 Qc7 17. Nd2 c5 18. dxc5 Ng4 19. g3 Qc6 20. e4 Nge5
21. Nxe5 Nxe5 22. Be2 Rc8 23. Rc1 Nd7 24. f3 Bb7 25. Nb3 Qc7 26. Bb5 Ra8 27.
Qb4 Ne5 28. c6 Bc8 29. f4 Ng6 30. e5 Ne7 31. Kh1 h5 32. Qd6 Ra7 33. Qxc7 Rxc7
34. Nd4 Nf5 35. Nxf5 exf5 36. Kg2 Kf8 37. Kf3 Ke7 38. Ke3 Kd8 39. Rd1+ Ke7 40.
Kd4 Ba6 41. Bxa6 Rxc6 42. Bc4 h4 43. Rb1 hxg3 44. hxg3 g5 45. Rb7+ 1-0

[Event "Pohár města Říčany 2018"]
[Site "Městské kulturní středisko"]
[Date "2019.08.25"]
[Round "3.23"]
[White "Toulec, Stanislav"]
[Black "Paulovic, Milan"]
[Result "1-0"]
[WhiteElo "1930"]
[BlackElo "1788"]
[PlyCount "41"]
[EventDate "2019.08.24"]

1. e4 c5 2. Nc3 Nc6 3. Nf3 d6 4. d4 cxd4 5. Nxd4 Nf6 6. Be2 g6 7. Be3 Bg7 8.
Qd2 a6 9. f3 O-O 10. h4 Qc7 11. g4 Be6 12. h5 Nxd4 13. Bxd4 Bc4 14. hxg6 fxg6
15. g5 e5 16. gxf6 exd4 17. fxg7 Rf7 18. Qxd4 Bxe2 19. Kxe2 Rxg7 20. Rad1 Rd8
21. Qd5+ 1-0

[Event "Pohár města Říčany 2018"]
[Site "Městské kulturní středisko"]
[Date "2019.08.25"]
[Round "3.24"]
[White "Kovar, Jan"]
[Black "Ocelak, Jakub"]
[Result "1/2-1/2"]
[WhiteElo "1885"]
[BlackElo "1781"]
[PlyCount "38"]
[EventDate "2019.08.24"]

1. e4 e6 2. d4 d5 3. Nd2 Nc6 4. Ngf3 Nf6 5. e5 Nd7 6. Bb5 a6 7. Bxc6 bxc6 8.
O-O c5 9. c3 Be7 10. Re1 O-O 11. b3 a5 12. Bb2 cxd4 13. cxd4 c5 14. Rc1 Ba6 15.
Ba3 Qb6 16. Nb1 Rfc8 17. Qd2 Qd8 18. Rc2 a4 19. b4 cxb4 1/2-1/2

[Event "Pohár města Říčany 2018"]
[Site "Městské kulturní středisko"]
[Date "2019.08.25"]
[Round "3.25"]
[White "Salac, Jiri"]
[Black "Matys, Jakub"]
[Result "1/2-1/2"]
[WhiteElo "1881"]
[BlackElo "1772"]
[PlyCount "58"]
[EventDate "2019.08.24"]

1. d4 Nf6 2. Bf4 d5 3. e3 Bf5 4. Bd3 Bg6 5. Nf3 e6 6. Ne5 Bxd3 7. Qxd3 Nbd7 8.
h3 Nxe5 9. Bxe5 a6 10. Nd2 Bd6 11. O-O c5 12. Bxd6 Qxd6 13. dxc5 Qxc5 14. Nb3
Qc7 15. Rac1 Rc8 16. Rfd1 h5 17. Nd2 b5 18. a4 Rb8 19. axb5 Rxb5 20. c4 Rc5 21.
b4 dxc4 22. Rxc4 Rxc4 23. Qxc4 Qxc4 24. Nxc4 Nd5 25. Ra1 O-O 26. Rxa6 Nxb4 27.
Rb6 Nd5 28. Rb7 Rc8 29. Nd6 Rc7 1/2-1/2

[Event "Pohár města Říčany 2018"]
[Site "Městské kulturní středisko"]
[Date "2019.08.25"]
[Round "3.26"]
[White "Tejkal, Jiri"]
[Black "Vit, Zdenek"]
[Result "1-0"]
[WhiteElo "1881"]
[BlackElo "1747"]
[PlyCount "75"]
[EventDate "2019.08.24"]

1. d4 Nf6 2. Nf3 g6 3. c4 Bg7 4. Nc3 d5 5. Bf4 c6 6. e3 O-O 7. h3 Be6 8. Ng5
Bc8 9. Be2 dxc4 10. Bxc4 e6 11. O-O Nh5 12. Bh2 Qxg5 13. g4 Nf6 14. Be5 Nfd7
15. Ne4 Qd8 16. Bd6 Re8 17. Bg3 Nb6 18. Bb3 N8d7 19. Nd6 Rf8 20. f4 Nd5 21. Qf3
N7b6 22. f5 gxf5 23. gxf5 exf5 24. Kh1 f4 25. Bxf4 Nxf4 26. Qxf4 Be6 27. Bc2
Nd5 28. Qe4 f5 29. Qxe6+ Kh8 30. Nf7+ Rxf7 31. Qxf7 Nxe3 32. Rg1 Bxd4 33. Bxf5
Nxf5 34. Qxf5 Bxg1 35. Qe5+ Kg8 36. Rxg1+ Kf8 37. Qg7+ Ke8 38. Re1+ 1-0